LEADER 01739nam 2200349 450 001 9910688440703321 005 20230624151011.0 035 $a(CKB)5400000000040446 035 $a(NjHacI)995400000000040446 035 $a(EXLCZ)995400000000040446 100 $a20230624d2020 ua 0 101 0 $aeng 135 $aur||||||||||| 181 $ctxt$2rdacontent 182 $cc$2rdamedia 183 $acr$2rdacarrier 200 00$aBlood Glucose Levels /$fedited by Leszek Szablewski 210 1$aLondon :$cIntechOpen,$d2020. 215 $a1 online resource (136 pages) $cillustrations 311 $a1-83968-222-1 320 $aIncludes bibliographical references. 330 $aThe main source of energy for the body is glucose. Its low blood concentrations can cause seizures, loss of consciousness and death. Long lasting high glucose levels can cause blindness, renal failure, cardiac and peripheral vascular disease, and neuropathy. Blood glucose concentrations need to be maintained within narrow limits. The process of maintaining blood glucose at a steady state is called glucose homeostasis. This is achieved through a balance of the rate of consumption of dietary carbohydrates, utilization of glucose by peripheral tissues, and the loss of glucose through the kidney tubule. The liver and kidney also play a role in glucose homeostasis. This book aims to provide an overview of blood glucose levels in health and diseases. 606 $aBlood glucose monitoring 615 0$aBlood glucose monitoring. 676 $a616.4 702 $aSzablewski$b Leszek 801 0$bNjHacI 801 1$bNjHacl 906 $aBOOK 912 $a9910688440703321 996 $aBlood Glucose Levels$92096424 997 $aUNINA